| 000 | 01014naa a2200229 4500 | ||
|---|---|---|---|
| 005 | 20110725140017.0 | ||
| 010 | _a441402-403 | ||
| 020 |
_a9788129100191 _c95.00 |
||
| 037 | _bRupa | ||
| 037 | _bAllied Pub/Ven | ||
| 082 | _a921 | ||
| 100 |
_aGhosh, Neepabithi _931421 |
||
| 245 | 1 |
_aUttam Kumar: _cby Neepabithi Ghosh _bthe ultimate hero / |
|
| 260 |
_aNew Delhi _bRupa _c2002 |
||
| 270 |
_bNew Delhi _a7/16, Ansari Raod, Daryaganj, _e110002 |
||
| 300 |
_a88p. _c16cm(Hb) |
||
| 490 |
_aRupa charitavali series _931422 |
||
| 942 |
_adpl _cEN _2ddc _mGHO _h921 |
||
| 999 |
_c54311 _d54311 |
||